000 00678nam a2200181Ia 4500
003 GCL
005 20240530102616.0
008 140319s9999 xx 000 0 ara d
040 _aGCL /
_cGCL
082 0 4 _a251.12
_bج م
100 1 _aخالد عبدالفتاح شبل
245 1 0 _aمفتاح الجنة فى الاحتجاج بالسنة /
_cخالد عبدالفتاح شبل
260 _a[S.N] :
_bمكتبة التراث الاسلامى ،
_c1990
300 _a92 ص
650 0 4 _aالفقه الاسلامى
700 1 _aالسيوطى : جلال الدين ابوالفضل عبدالرحمن بن ابى بكر بن محمد الخضيرى
942 _2ddc
_cBK
999 _c33394
_d33394